|
|
|
|
| LEADER |
01209nam a2200349 a 4500 |
| 001 |
000073735 |
| 003 |
CZ BrMZK |
| 005 |
20220120141357.0 |
| 007 |
ta |
| 008 |
960713s1996 xr g j cze d |
| 015 |
|
|
|a cnb000186081
|
| 020 |
|
|
|a 80-237-2755-9
|
| 035 |
|
|
|a (OCoLC)37251140
|
| 040 |
|
|
|a BOA001
|b cze
|
| 072 |
|
7 |
|a 821-31/-34
|x Milostná, dobrodružná, fantastická próza
|2 Konspekt
|9 25
|
| 080 |
|
|
|a 821-322.5
|2 MRF
|
| 080 |
|
|
|a (0:82-322.5)
|2 MRF
|
| 100 |
1 |
|
|a Bodmann, Aenne
|7 jx20040618003
|4 aut
|
| 245 |
1 |
0 |
|a Já si tátu najdu! /
|c Aenne Bodmannová ; [z němčiny] přeložila Marie Bečvářová
|
| 250 |
|
|
|a Vyd. 1.
|
| 260 |
|
|
|a Praha :
|b I. Železný,
|c 1996
|
| 300 |
|
|
|a 57 s. ;
|c 19 cm
|
| 490 |
1 |
|
|a Knihovnička Večerů pod lampou ;
|v 2179
|
| 490 |
1 |
|
|a Matčino srdce ;
|v 208 (27/96)
|
| 655 |
|
7 |
|a milostné povídky
|7 fd132834
|2 czenas
|
| 700 |
1 |
|
|a Bečvářová, Marie,
|d 1879-1936
|7 jn20000400171
|4 trl
|
| 765 |
0 |
|
|t <<Der >>Vater aus Amerika
|
| 830 |
|
0 |
|a Knihovnička Večerů pod lampou
|
| 830 |
|
0 |
|a Matčino srdce
|
| 910 |
|
|
|a BOA001
|b 1-1021.867
|
| 990 |
|
|
|a BK
|
| 996 |
6 |
|
|b 2610038206
|c 1-1021.867
|l MZK
|r Sklad / do 1 hodiny
|n 0
|p p.v.
|w 000073735
|u 000010
|a 1
|e BOA001
|j MZK50
|s P
|